01355cam a2200289K 45000010008000000030008000080050017000160060019000330070015000520070015000670080041000820400038001230820017001611100066001782450055002442500014002992600021003133000049003345040054003835060054004375330084004915380237005755830085008125830085008975880047009826500036010298316792BD-DhUL20160628112936.0m d cr bn||||||abpcr bn||||||ada100329r1957uuuuilua o 000 0 eng d aOCLCEbengcOCLCEdOCLCQdBD-DhUL a388.312bILT2 aNorthwestern University (Evanston, Ill.).bTraffic Institute.10aTraffic accident investigator's manual for police. a[3d ed.]. aEvanstonc[1957] a1 online resource (617 p.):billus.;c21 cm. aIncludes bibliographical referencences and index. 3Use copyfRestrictions unspecified2star5MiAaHDL aElectronic reproduction.b[S.l.] :cHathiTrust Digital Library,d2010.5MiAaHDL aMaster and use copy. Digital master created according to Benchmark for Faithful Digital Reproductions of Monographs and Serials, Version 1. Digital Library Federation, December 2002.uhttp://purl.oclc.org/DLF/benchrepro02125MiAaHDL1 adigitizedc2010hHathiTrust Digital Librarylcommitted to preserve2pda5MiAaHDL1 adigitizedc2010hHathiTrust Digital Librarylcommitted to preserve2pda5MiAaHDL aDescription based on print version record. 0aTraffic accident investigation.